Terrorism, peace and conflict studies/ (Record no. 86946)
[ view plain ]
| 000 -LEADER | |
|---|---|
| fixed length control field | 00499nam a2200193Ia 4500 |
| 001 - CONTROL NUMBER | |
| control field | 73802 |
| 008 - FIXED-LENGTH DATA ELEMENTS--GENERAL INFORMATION | |
| fixed length control field | 160804s9999||||xx |||||||||||||| ||und|| |
| 020 ## - INTERNATIONAL STANDARD BOOK NUMBER | |
| International Standard Book Number | 9781138784772 |
| 040 ## - CATALOGING SOURCE | |
| Transcribing agency | PK-LaUMT |
| 082 ## - DEWEY DECIMAL CLASSIFICATION NUMBER | |
| Classification number | 363.32505 |
| Item number | TER- |
| 100 ## - MAIN ENTRY--PERSONAL NAME | |
| Personal name | Toros, Harmonie |
| 245 ## - TITLE STATEMENT | |
| Title | Terrorism, peace and conflict studies/ |
| Statement of responsibility, etc | Toros, Harmonie|Tellidis, Loannis |
| 260 ## - PUBLICATION, DISTRIBUTION, ETC. (IMPRINT) | |
| Place of publication, distribution, etc | London: |
| Name of publisher, distributor, etc | Routledge, |
| Date of publication, distribution, etc | 2014 |
| 300 ## - PHYSICAL DESCRIPTION | |
| Extent | 232 p. |
| 546 ## - LANGUAGE NOTE | |
| Language note | EN |
| 650 ## - SUBJECT ADDED ENTRY--TOPICAL TERM | |
| Topical term or geographic name as entry element | Terrorism |
| 700 ## - ADDED ENTRY--PERSONAL NAME | |
| Personal name | Tellidis, Loannis |
| 942 ## - ADDED ENTRY ELEMENTS (KOHA) | |
| Koha item type | Books |
| Withdrawn status | Lost status | Damaged status | Not for loan | Home library | Current library | Date acquired | Total Checkouts | Total Renewals | Full call number | Barcode | Date last seen | Date checked out | Price effective from | Koha item type | Source of classification or shelving scheme | Copy number |
|---|---|---|---|---|---|---|---|---|---|---|---|---|---|---|---|---|
| UMT Main Campus | UMT Main Campus | 2016-04-28 | 6 | 1 | 363.325 TER- | 99034 | 2017-06-05 | 2016-12-27 | 2016-04-28 | Books | ||||||
| UMT Main Campus | UMT Main Campus | 2016-04-08 | 363.32505 TER- | 101139 | 2016-08-04 | 2016-08-04 | Books | Dewey Decimal Classification | C. 2 |
